Statistics for NBA Players from Texas A&M

Click here to take the quiz!

General Stats

  • This quiz has been taken 25 times
    (4 since last reset)
  • The average score is 9 of 18

Answer Stats

PositionPlayerDraft Year% Correct
GAlex Caruso2016
100%
FDanuel House2016
100%
CDeAndre Jordan2008
100%
SFKhris Middleton2012
100%
PFRobert Williams2018
100%
CTyler Davis2018
100%
FCWalt Davis1952
100%
SGAcie Law2007
50%
SGDexter Dennis2023
50%
SGQuenton Jackson2022
50%
GFAntoine Wright2005
0%
GBrooks Thompson1994
0%
SGDave Britton1980
0%
GDonald Sloan2010
0%
GFDoug Lee1987
0%
SGJalen Jones2016
0%
GFSonny Parker1976
0%
FWinston Crite1987
0%

Score Distribution

Percentile by Number Answered

Percent of People with Each Score

Your Score History

You have not taken this quiz since the last reset